| 000 | 00512nam a22001697a 4500 | ||
|---|---|---|---|
| 005 | 20251108172936.0 | ||
| 008 | 250721s2004 xx 000 0 ara d | ||
| 082 | 1 | 4 | _a814/كاي |
| 100 | 1 | _aالكايد، محمود | |
| 245 | 1 | 0 | _aأولئك الراحلون / |
| 264 | 1 |
_aبيروت : _bالمؤسسة العربية للدراسات و النشر، _c2004. |
|
| 300 | _a131 ص. | ||
| 650 | 1 | 7 | _aالمقالات الأدبية |
| 650 | 1 | 7 | _aالأدب العربي |
| 942 |
_2ddc _cBK |
||
| 999 |
_c92409 _d92409 |
||